Normal view
MARC view
Entry Personal Name
001 - CONTROL NUMBER
- control field: 4501
003 - CONTROL NUMBER IDENTIFIER
- control field: BD-RjUL
005 - DATE AND TIME OF LATEST TRANSACTION
- control field: 20220825115708.0
008 - FIXED-LENGTH DATA ELEMENTS
- fixed length control field: 220825|| aca||aabn | a|a d
040 ## - CATALOGING SOURCE
- Original cataloging agency: BD-RjUL
- Transcribing agency: BD-RjUL
100 ## - HEADING--PERSONAL NAME
- Personal name: جمعه، محمد لطفي .[]] Jumʿah, Muḥammad Luṭfī
670 ## - SOURCE DATA FOUND
- Source citation: Work cat.: (BD-RjUL)80239: جمعه، محمد لطفي .[]] Jumʿah, Muḥammad Luṭfī., تاريخ فلاسفة الاسلام ف [][] Tārīkh falāsifat al-Islām , 1941